Bimbingan fardhu ain [
| Format: | Book |
|---|---|
| Published: |
Kuala Lumpur :
Nur Effendy Production ,
19-
|
| Subjects: |
MARC
| LEADER | 00000cam a2200000 7i4500 | ||
|---|---|---|---|
| 001 | 0000002186 | ||
| 002 | 000002383 | ||
| 005 | 20021111.0 | ||
| 020 | |a T000000246 | ||
| 090 | 0 | 0 | |a 297.4 |b BIM |
| 245 | 0 | 0 | |a Bimbingan fardhu ain [ |h kits] |
| 260 | |a Kuala Lumpur : |b Nur Effendy Production , |c 19- | ||
| 300 | |a 8 video cassette (5 hours) | ||
| 650 | 0 | 0 | |a Islam |x Customs and practices |
| 999 | |a 00091 |b KASET DAN BUKU PANDUAN |c KOLEKSI AUDIO VIDEO |e PERPUSTAKAAN KOMUNITI PETALING JAYA | ||